| 000 | 00545nam a22001577a 4500 | ||
|---|---|---|---|
| 005 | 20120516150743.0 | ||
| 020 |
_a8186239049 _c00 |
||
| 035 | _aA-944383 | ||
| 037 |
_aDPL _bENG |
||
| 100 |
_aKalia, D.R. _947199 |
||
| 245 |
_aThe emerging great powers : _bTheir potential and prospects / _cby D.R. Kalia |
||
| 260 |
_aNew Delhi _bProminent Publishers _c1997 |
||
| 300 |
_axii, 382p. _c20 cms. |
||
| 942 |
_2ddc _cEN _h337 _mKAL |
||
| 999 |
_c66738 _d66738 |
||